000
00167nam a22000857a 4500
999
_c
12445
_d
12445
082
_a
297.22
100
_a
Iqbal S. Hussain
245
_a
Quran and Modernism
942
_c
BK